[Event "III Festival A"]
[Site "Codogno ITA"]
[Date "2011.10.15"]
[Round "4"]
[White "Astengo, Marcello"]
[Black "Carrai, Giacomo"]
[Result "1-0"]
[WhiteElo "2045"]
[BlackElo "1820"]
[PlyCount "89"]
[EventDate "2011.10.14"]

1. d4 Nf6 2. c4 e6 3. Nf3 d5 4. Bg5 Be7 5. e3 h6 6. Bh4 O-O 7. Bd3 b6 8. cxd5
exd5 9. Nc3 Bb7 10. Rc1 Nbd7 11. O-O c5 12. Bb1 Re8 13. Qd3 Ne4 14. Bg3 Ndf6
15. Be5 Rc8 16. h3 g6 17. Rfd1 c4 18. Qe2 Nd6 19. Bf4 Bf8 20. Ne5 a6 21. Qf3
Re6 22. Bg3 Qe8 23. Ne2 Nde4 24. Nf4 Re7 25. Bh2 Bg7 26. Qe2 Rd8 27. Qe1 b5 28.
Qa5 Nd7 29. Nf3 Rc8 30. Ne2 Qd8 31. Qb4 Re6 32. Ng3 Bf8 33. Qe1 Ndf6 34. Ne5
Nd6 35. f4 Qe8 36. f5 Nxf5 37. Nxf5 Rxe5 38. Bxe5 Nd7 39. Nd6 Bxd6 40. Bxd6 Qe6
41. Qg3 Re8 42. Rf1 Qxe3+ 43. Qxe3 Rxe3 44. Rce1 Rxe1 45. Rxe1 1-0

[Event "III Festival A"]
[Site "Codogno ITA"]
[Date "2011.10.15"]
[Round "4"]
[White "Bonade', Massimo"]
[Black "Ficco, Corrado"]
[Result "1-0"]
[WhiteElo "2079"]
[BlackElo "2117"]
[PlyCount "89"]
[EventDate "2011.10.14"]

1. d4 f5 2. g3 Nf6 3. Bg2 g6 4. Nf3 Bg7 5. O-O O-O 6. c4 d6 7. Nc3 c6 8. d5 e5
9. dxe6 Bxe6 10. b3 Na6 11. Bb2 Qe7 12. Ng5 Nc5 13. Qc2 Rad8 14. Nxe6 Nxe6 15.
e3 Ng5 16. Rad1 Nfe4 17. h4 Nxc3 18. Bxc3 Bxc3 19. Qxc3 Ne4 20. Bxe4 fxe4 21.
Rd4 Qe5 22. Qc2 d5 23. Rfd1 Rf6 24. Rxe4 Qf5 25. cxd5 cxd5 26. Rc4 Qf3 27. Rc8
Rxc8 28. Qxc8+ Kg7 29. Rd2 d4 30. Qd7+ Kh6 31. Qxd4 Rc6 32. Qf4+ Qxf4 33. gxf4
Kh5 34. Rd7 Kxh4 35. Rxh7+ Kg4 36. Kg2 Ra6 37. f3+ Kf5 38. Rxb7 Rxa2+ 39. Kg3
Ra1 40. Rb5+ Kf6 41. e4 a5 42. f5 g5 43. Rb6+ Ke5 44. Re6+ Kd4 45. f6 1-0

[Event "III Festival A"]
[Site "Codogno ITA"]
[Date "2011.10.15"]
[Round "4"]
[White "De Palma, Fabrizio"]
[Black "Popovich, Fabio"]
[Result "1-0"]
[WhiteElo "2071"]
[BlackElo "1805"]
[PlyCount "101"]
[EventDate "2011.10.14"]

1. d4 d5 2. c4 c6 3. Nf3 e6 4. Nc3 Nf6 5. e3 Nbd7 6. Bd3 dxc4 7. Bxc4 b5 8. Bd3
a6 9. a4 Bb7 10. O-O b4 11. Nb1 a5 12. Qe2 Be7 13. Nbd2 Nb6 14. e4 O-O 15. Nb3
Nfd7 16. Be3 Bf6 17. Rfd1 g6 18. Nc5 Nxc5 19. dxc5 Nd7 20. e5 Be7 21. Rac1 Qc7
22. Bd4 Nb8 23. Qe3 Rd8 24. Nd2 Rd5 25. Bc4 Ba6 26. Bxd5 cxd5 27. b3 Nc6 28.
Rc2 Bg5 29. f4 Bh6 30. Nf3 Qe7 31. Bb2 Rc8 32. g3 Bg7 33. Kh1 Qb7 34. Bd4 Qe7
35. Qf2 Bh6 36. Be3 Bg7 37. h3 Kh8 38. g4 Rg8 39. Nd4 Qc7 40. Nb5 Qd7 41. Nd6
Qe7 42. Bd4 Rf8 43. Bb2 h6 44. Re1 Kh7 45. Qe3 Rg8 46. Rg2 Rf8 47. f5 Qh4 48.
f6 Bh8 49. Kh2 Qg5 50. Qxg5 hxg5 51. Kg3 1-0

[Event "III Festival A"]
[Site "Codogno ITA"]
[Date "2011.10.15"]
[Round "4"]
[White "Giretti Kanev, Jasen"]
[Black "Mrdja, Milan"]
[Result "0-1"]
[WhiteElo "2205"]
[BlackElo "2402"]
[PlyCount "88"]
[EventDate "2011.10.14"]

1. Nf3 g6 2. d4 Bg7 3. e4 d6 4. Be3 Nf6 5. Nc3 O-O 6. Be2 c6 7. h3 b5 8. a3 Bb7
9. O-O a6 10. e5 Ne8 11. Qd2 dxe5 12. Nxe5 c5 13. Rad1 cxd4 14. Bxd4 Nd6 15.
Ng4 Nd7 16. Bxg7 Kxg7 17. Qd4+ f6 18. a4 bxa4 19. Nxa4 Qc7 20. Nc3 Nb6 21. Rfe1
Nf5 22. Qb4 a5 23. Qa3 e5 24. Bd3 Nd4 25. Nb5 Qc6 26. Be4 Qxb5 27. Bxb7 Nxc2
28. Qe7+ Rf7 29. Qe6 Re8 30. Qc6 Qxc6 31. Bxc6 Rc8 32. Bb5 Nxe1 33. Rxe1 Rc5
34. Bf1 Nd5 35. Rd1 h5 36. Nh2 Rb7 37. Rd2 e4 38. g3 f5 39. h4 Kf6 40. Be2 Ke5
41. f3 Rc1+ 42. Kg2 Rb1 43. f4+ Kd6 44. b3 R7xb3 0-1

[Event "III Festival A"]
[Site "Codogno ITA"]
[Date "2011.10.15"]
[Round "4"]
[White "Laketic, Gojko"]
[Black "Marholev, Dimitar"]
[Result "1-0"]
[WhiteElo "2443"]
[BlackElo "2355"]
[PlyCount "51"]
[EventDate "2011.10.14"]

1. d4 d5 2. c4 e6 3. Nf3 c6 4. Qc2 f5 5. Bf4 Nf6 6. e3 Bd6 7. Nc3 O-O 8. Bd3 a6
9. c5 Bc7 10. Bxc7 Qxc7 11. Ne5 Nbd7 12. Nxd7 Bxd7 13. f4 Be8 14. h3 g5 15. Qf2
g4 16. O-O-O Bg6 17. hxg4 Nxg4 18. Qg3 b5 19. cxb6 Qxb6 20. Na4 Qc7 21. Nc5 Qc8
22. Rd2 a5 23. Rc2 Nf6 24. Kb1 Re8 25. Rhc1 Nd7 26. Na4 1-0

[Event "III Festival A"]
[Site "Codogno ITA"]
[Date "2011.10.15"]
[Round "4"]
[White "Murli, Almerico"]
[Black "Rubbiani, Samuel"]
[Result "1-0"]
[WhiteElo "1805"]
[BlackElo "1657"]
[PlyCount "77"]
[EventDate "2011.10.14"]

1. e4 d5 2. exd5 Qxd5 3. Nc3 Qd6 4. d4 Nf6 5. Nf3 Bg4 6. Be2 Nc6 7. Nb5 Qd7 8.
d5 Bxf3 9. Bxf3 Ne5 10. Be2 a6 11. Nc3 O-O-O 12. f4 Ng6 13. Bf3 Nh4 14. O-O
Nxf3+ 15. Rxf3 Nxd5 16. Nxd5 Qxd5 17. Rd3 Qc5+ 18. Be3 Rxd3 19. Qxd3 Qd6 20.
Qf5+ e6 21. Qxf7 Qe7 22. Qh5 g6 23. Qg4 Bg7 24. c3 Rd8 25. Re1 Qd7 26. Bf2 Re8
27. Qh3 h6 28. Qg3 Qf7 29. Qe3 b6 30. Qe4 Kb8 31. g3 e5 32. b3 Re6 33. Bd4 Qe8
34. Bxe5 Bxe5 35. fxe5 Rxe5 36. Qxe5 Qxe5 37. Rxe5 Kb7 38. Re6 g5 39. Rxh6 1-0

[Event "III Festival A"]
[Site "Codogno ITA"]
[Date "2011.10.15"]
[Round "4"]
[White "Mussap, Angelo"]
[Black "Castrogiovanni, Carlo"]
[Result "1-0"]
[WhiteElo "2036"]
[BlackElo "2004"]
[PlyCount "98"]
[EventDate "2011.10.14"]

1. e4 c5 2. Nf3 a6 3. d4 cxd4 4. Nxd4 Nf6 5. Nc3 e5 6. Nf5 d5 7. Bg5 Bxf5 8.
Bxf6 gxf6 9. exf5 Bb4 10. Qf3 Bxc3+ 11. Qxc3 Nc6 12. O-O-O Rc8 13. Qa3 Ne7 14.
Bd3 Qc7 15. f3 Qc5 16. Qa4+ Nc6 17. Kb1 Ke7 18. c3 Rhg8 19. Rd2 d4 20. cxd4
Qxd4 21. Qb3 Qb4 22. Qxb4+ Nxb4 23. Be4 Rc7 24. Rhd1 a5 25. a3 Na6 26. g4 Nc5
27. Rc2 b6 28. Rdc1 Rgc8 29. Ka2 Na6 30. Rxc7+ Rxc7 31. Rg1 Rd7 32. Rg2 Nc5 33.
Bc2 Nd3 34. g5 Ne1 35. gxf6+ Kxf6 36. Re2 Nxf3 37. Be4 Nd4 38. Rg2 Rd8 39. h4
h6 40. b3 Nb5 41. Kb2 Rd1 42. h5 Nd4 43. a4 Re1 44. Bd3 Rh1 45. Rg8 Nxb3 46.
Rb8 Rxh5 47. Rxb6+ Kg7 48. Rxb3 Rh2+ 49. Ka3 Rh3 1-0

[Event "III Festival A"]
[Site "Codogno ITA"]
[Date "2011.10.15"]
[Round "4"]
[White "Valsecchi, Alessio"]
[Black "Stella, Andrea"]
[Result "1/2-1/2"]
[WhiteElo "2338"]
[BlackElo "2447"]
[PlyCount "29"]
[EventDate "2011.10.14"]

1. e4 Nf6 2. Nc3 d5 3. e5 d4 4. exf6 dxc3 5. fxg7 cxd2+ 6. Qxd2 Qxd2+ 7. Bxd2
Bxg7 8. O-O-O Nc6 9. Bb5 Bd7 10. Nf3 O-O-O 11. Rhe1 Nd4 12. Bxd7+ Rxd7 13. Nxd4
Bxd4 14. Be3 Bxe3+ 15. Rxe3 1/2-1/2

[Event "III Festival A"]
[Site "Codogno ITA"]
[Date "2011.10.16"]
[Round "5"]
[White "Bonade', Massimo"]
[Black "Giretti Kanev, Jasen"]
[Result "0-1"]
[WhiteElo "2079"]
[BlackElo "2205"]
[PlyCount "56"]
[EventDate "2011.10.14"]

1. d4 Nf6 2. c4 c5 3. d5 e6 4. Nc3 a6 5. e4 exd5 6. exd5 d6 7. Bd3 Be7 8. Nge2
Nbd7 9. f4 O-O 10. O-O b5 11. b3 b4 12. Ne4 Nxe4 13. Bxe4 f5 14. Bd3 Bf6 15.
Rb1 g6 16. Bb2 Qe7 17. Ng3 Re8 18. Kh1 Qg7 19. Bxf6 Nxf6 20. Qf3 Bd7 21. Rbe1
h5 22. Ne2 Ng4 23. Nc1 Qd4 24. h3 Rxe1 25. Rxe1 Qc3 26. Qg3 Re8 27. Rxe8+ Bxe8
28. Ne2 Qxd3 0-1

[Event "III Festival A"]
[Site "Codogno ITA"]
[Date "2011.10.16"]
[Round "5"]
[White "Bongiorni, Gabriele"]
[Black "Murli, Almerico"]
[Result "1/2-1/2"]
[WhiteElo "1816"]
[BlackElo "1805"]
[PlyCount "49"]
[EventDate "2011.10.14"]

1. d4 g6 2. c4 Bg7 3. Nf3 Nf6 4. Nc3 O-O 5. e3 d6 6. Bd3 Nbd7 7. b3 e5 8. Qc2
Re8 9. O-O c6 10. Ba3 Nf8 11. h3 exd4 12. Nxd4 Ne6 13. Nxe6 Bxe6 14. Rad1 Qc7
15. Ne2 Rad8 16. Nf4 Bc8 17. Rfe1 d5 18. cxd5 Nxd5 19. Nxd5 Rxd5 20. Bb2 Bxb2
21. Qxb2 Red8 22. Be2 Rxd1 23. Rxd1 Rxd1+ 24. Bxd1 Qd6 25. Bf3 1/2-1/2

[Event "III Festival A"]
[Site "Codogno ITA"]
[Date "2011.10.16"]
[Round "5"]
[White "Carrai, Giacomo"]
[Black "Tagliaferri, Valerio"]
[Result "1/2-1/2"]
[WhiteElo "1820"]
[BlackElo "1850"]
[PlyCount "76"]
[EventDate "2011.10.14"]

1. Nf3 Nf6 2. d4 d5 3. c4 c6 4. Nc3 dxc4 5. a4 Bf5 6. e3 e6 7. Bxc4 Be7 8. O-O
Nbd7 9. Qe2 O-O 10. Rd1 Qc7 11. e4 Bg4 12. e5 Nd5 13. Nxd5 cxd5 14. Bd3 Rfc8
15. Bd2 Qd8 16. h3 Bh5 17. Rdc1 Rxc1+ 18. Rxc1 Rc8 19. Rxc8 Qxc8 20. g4 Bg6 21.
Bxg6 hxg6 22. Qd3 Qc6 23. b3 Nb8 24. Qc3 Kf8 25. Qxc6 Nxc6 26. Kf1 Ke8 27. Ke2
Kd7 28. Kd3 b6 29. Ne1 g5 30. f4 gxf4 31. Bxf4 Nb4+ 32. Kc3 Nc6 33. Nf3 a5 34.
h4 Ke8 35. g5 Kf8 36. h5 Kg8 37. g6 fxg6 38. hxg6 Kf8 1/2-1/2

[Event "III Festival A"]
[Site "Codogno ITA"]
[Date "2011.10.16"]
[Round "5"]
[White "Ficco, Corrado"]
[Black "Mussap, Angelo"]
[Result "0-1"]
[WhiteElo "2117"]
[BlackElo "2036"]
[PlyCount "66"]
[EventDate "2011.10.14"]

1. e4 d6 2. d4 Nf6 3. Nc3 e6 4. Be3 a6 5. Bd3 Nc6 6. f4 e5 7. Nf3 Ng4 8. Qd2
Nxe3 9. Qxe3 Bg4 10. d5 Nb4 11. O-O Be7 12. fxe5 O-O 13. exd6 Bxd6 14. Qg5 Qd7
15. Ne5 Bxe5 16. Qxe5 Nxd3 17. cxd3 b5 18. b4 a5 19. a3 Ra6 20. a4 axb4 21.
Nxb5 Be2 22. Rfb1 Bxd3 23. Rxb4 Re8 24. Qxc7 Bxb5 25. Qxd7 Bxd7 26. a5 Kf8 27.
Rb7 Bg4 28. Ra4 Bd1 29. Rd4 Bc2 30. d6 Bxe4 31. Rc7 Bf5 32. g4 Be6 33. Rc5 Rd8
0-1

[Event "III Festival A"]
[Site "Codogno ITA"]
[Date "2011.10.16"]
[Round "5"]
[White "Marholev, Dimitar"]
[Black "Popovich, Fabio"]
[Result "1-0"]
[WhiteElo "2355"]
[BlackElo "1805"]
[PlyCount "83"]
[EventDate "2011.10.14"]

1. e4 c5 2. Nc3 Nc6 3. Bb5 e6 4. Bxc6 bxc6 5. d3 d5 6. f4 Nf6 7. e5 Nd7 8. Nf3
Be7 9. O-O O-O 10. b3 Ba6 11. Re1 c4 12. dxc4 dxc4 13. Ne4 Nb6 14. Qxd8 Rfxd8
15. Be3 Nd5 16. Bc5 Kf8 17. Bxe7+ Kxe7 18. Nc5 Nc7 19. Re4 Rd5 20. Nxa6 Nxa6
21. Rxc4 c5 22. a3 Rb8 23. Ra4 Rb6 24. Kf1 h6 25. h4 Kd7 26. Ke1 Kc7 27. Nd2
Rc6 28. g3 Kb8 29. Ne4 Nc7 30. Rd1 Rxd1+ 31. Kxd1 Nd5 32. c4 Nb6 33. Ra5 Nd7
34. Kc2 a6 35. Kc3 Ka7 36. b4 cxb4+ 37. axb4 Nb6 38. Nc5 Na8 39. Kd4 Nc7 40.
Ra4 Kb6 41. Ne4 Ne8 42. c5+ 1-0

[Event "III Festival A"]
[Site "Codogno ITA"]
[Date "2011.10.16"]
[Round "5"]
[White "Mrdja, Milan"]
[Black "Laketic, Gojko"]
[Result "1/2-1/2"]
[WhiteElo "2402"]
[BlackElo "2443"]
[PlyCount "28"]
[EventDate "2011.10.14"]

1. e4 Nf6 2. e5 Nd5 3. Nc3 Nxc3 4. dxc3 d6 5. Nf3 Nc6 6. Bb5 e6 7. Qe2 Bd7 8.
Bf4 a6 9. Bd3 dxe5 10. Nxe5 Bd6 11. Bg3 Nxe5 12. Bxe5 Bc6 13. O-O-O Qe7 14. Be4
Bxe4 1/2-1/2

[Event "III Festival A"]
[Site "Codogno ITA"]
[Date "2011.10.16"]
[Round "5"]
[White "Rubbiani, Samuel"]
[Black "Giuria, Abramo"]
[Result "1/2-1/2"]
[WhiteElo "1657"]
[BlackElo "1711"]
[PlyCount "82"]
[EventDate "2011.10.14"]

1. e4 e5 2. Bc4 Nf6 3. d3 Nc6 4. Nf3 Bc5 5. Nc3 d6 6. Bg5 h6 7. Bxf6 Qxf6 8.
Nd5 Qd8 9. a3 a6 10. c3 Bg4 11. O-O Ne7 12. Ne3 Bxe3 13. fxe3 O-O 14. Qb3 b5
15. Bxf7+ Rxf7 16. Ng5 hxg5 17. Qxf7+ Kh7 18. h3 Bd7 19. Qh5+ Kg8 20. Qxg5 Nc6
21. Qg3 Qe7 22. Rf3 Rf8 23. Raf1 Rxf3 24. gxf3 Qe6 25. Kh2 Qf6 26. f4 Be8 27.
Qg4 Ne7 28. h4 Qg6 29. Qh3 Qh5 30. Qe6+ Bf7 31. Qxe7 Qe2+ 32. Kg1 Qxe3+ 33. Rf2
Qg3+ 34. Rg2 Qe3+ 35. Kh2 Qxf4+ 36. Kh3 Qf3+ 37. Rg3 Qf1+ 38. Kh2 Qf2+ 39. Rg2
Qf4+ 40. Kh1 Qf1+ 41. Kh2 Qf4+ 1/2-1/2

[Event "III Festival A"]
[Site "Codogno ITA"]
[Date "2011.10.16"]
[Round "5"]
[White "Stella, Andrea"]
[Black "Astengo, Marcello"]
[Result "1-0"]
[WhiteElo "2447"]
[BlackElo "2045"]
[PlyCount "57"]
[EventDate "2011.10.14"]

1. d4 d5 2. c4 c6 3. Nf3 e6 4. e3 Nf6 5. b3 Be7 6. Bd3 O-O 7. O-O Nbd7 8. Bb2
b6 9. Nc3 Bb7 10. Qc2 Rc8 11. Rad1 Qc7 12. Ne5 Rfd8 13. f4 Nf8 14. Qe2 c5 15.
cxd5 exd5 16. Nb5 Qb8 17. Bf5 Ne6 18. dxc5 bxc5 19. Ng4 Ne4 20. Bxe4 dxe4 21.
Be5 Qa8 22. f5 f6 23. Bd6 Nd4 24. Nh6+ Kh8 25. exd4 Bxd6 26. Nf7+ Kg8 27. Nfxd6
a6 28. Nxc8 Qxc8 29. Nc3 1-0

[Event "III Festival A"]
[Site "Codogno ITA"]
[Date "2011.10.16"]
[Round "5"]
[White "Valsecchi, Alessio"]
[Black "De Palma, Fabrizio"]
[Result "1-0"]
[WhiteElo "2338"]
[BlackElo "2071"]
[PlyCount "37"]
[EventDate "2011.10.14"]

1. d4 Nf6 2. c4 e6 3. g3 d5 4. Nf3 Be7 5. Bg2 O-O 6. O-O b6 7. cxd5 exd5 8. Ne5
Bb7 9. Nc3 c6 10. e4 dxe4 11. Nxe4 Qc8 12. Bg5 Na6 13. Re1 Nb4 14. Bxf6 gxf6
15. Ng4 Kg7 16. Nexf6 Bxf6 17. Nxf6 Kxf6 18. Qd2 Qf5 19. Re5 1-0